000 00274nam a22001091a 4500
999 _c168756
_d168756
082 _aM8
_bVAS/S
245 _aSahityapadhanathinu oru amugham/
_cby Vasanthan S K (tr.).
260 _a
_b
_c
650 _aLiterature Malayalam
700 _aVasanthan S K (tr.)
942 _cBK